00382nam a2200145Ia 4500008004100000020001500041041001200056082001600068100001800084245006600102250000800168260003800176300000800214650001400222221030s9999 xx 000 0 und d a8173196664 aEnglish a105.23bRam aRamesh Kumari 0aComputers & Their Applications to Chemistrycby Ramesh Kumari a2nd bNarosa Pub HouseaNew Delhic2005 a340 aChemistry